Journal of Construction Procurement (Record no. 118643)

MARC details
000 -LEADER
fixed length control field 00543cas a22002055a 4500
001 - CONTROL NUMBER
control field L463
008 - FIXED-LENGTH DATA ELEMENTS--GENERAL INFORMATION
fixed length control field 070612c1995 xxkfr p 0 a0eng
022 0# - INTERNATIONAL STANDARD SERIAL NUMBER
International Standard Serial Number 1358-9180
035 ## - SYSTEM CONTROL NUMBER
System control number (Sirsi) u99078
041 ## - LANGUAGE CODE
Language code of text/sound track or separate title eng
240 10 - UNIFORM TITLE
Uniform title Construction Procurement
245 00 - TITLE STATEMENT
Title Journal of Construction Procurement
260 ## - PUBLICATION, DISTRIBUTION, ETC.
Place of publication, distribution, etc. Pontypridd
Name of publisher, distributor, etc. University of Glamorgan
Date of publication, distribution, etc. 1995-
362 0# - DATES OF PUBLICATION AND/OR SEQUENTIAL DESIGNATION
Dates of publication and/or sequential designation 1(1) May 1995-8(2) November 2002
554 ## -
-- Two per year
651 #4 - SUBJECT ADDED ENTRY--GEOGRAPHIC NAME
Geographic name International
690 ## - LOCAL SUBJECT ADDED ENTRY--TOPICAL TERM (OCLC, RLIN)
Topical term or geographic name as entry element BUILT ENVIRONMENT
942 ## - ADDED ENTRY ELEMENTS (KOHA)
Suppress in OPAC 0
948 ## - LOCAL PROCESSING INFORMATION (OCLC); SERIES PART DESIGNATOR (RLIN)
c (OCLC) 27/06/1997
Holdings
Withdrawn status Lost status Source of classification or shelving scheme Damaged status Not for loan Home library Current library Shelving location Date acquired Total Checkouts Full call number Barcode Date last seen Price effective from Koha item type
    Dewey Decimal Classification     London London Gallery 12/06/2007   JOURNAL OF CONSTRUCTION PROCUREMENT 99078-1001 06/08/2019 06/08/2019 Journal